000 nam a22 7a 4500
999 _c29022
_d29022
008 170926b xxu||||| |||| 00| 0 eng d
020 _a9789966252126
050 _aG 76.5 .K56 2016
100 _aKimei Monicah
245 _aSchool Certificate Geography form 1/
_cMonicah Kimei and Linnet Khabongo
250 _arevised
260 _aNairobi:
_bEast African Educational,
_c2016.
300 _a236p. :
_bill. sub-col. ;
650 _aGeography
700 _aKhabongo Linnet
942 _2lcc
_cAFRICANA
_hG 76.5 .K56 2016
_018